| 000 -ლიდერი |
| ფიქსირებული სიგრძის საკონტროლო ველი |
01770nam a22002417a 4500 |
| 003 - საკონტროლო ნომრის იდენტიფიკატორი |
| საკონტროლო ველი |
Ge_BSU |
| 005 - ბოლო ოპერაციის თარიღი და დრო |
| საკონტროლო ველი |
20190611142831.0 |
| 008 - ფიქსირებული სიგრძის მონაცემთა ელემენტები - ზოგადი ინფორმაცია |
| ფიქსირებული სიგრძის საკონტროლო ველი |
190611b2018 ge ||||| |||| 00| 0 geo d |
| 020 ## - წიგნის საერთაშორისო სტანდარტული ნომერი |
| International Standard Book Number |
9789941182990 |
| 041 ## - ენის კოდი |
| Language code of text/sound track or separate title |
geo |
| 080 ## - უნივერსალური ათობითი კლასიფიკაციის ინდექსი |
| Universal Decimal Classification number |
94(479.22)"18"(093 უცხ.) ა-94 |
| 245 ## - ცნობა სათაურის შესახებ |
| Title |
აღმოსავლეთსა და დასავლეთს შორის = Between East and West : |
| Remainder of title |
ირანელი და ფრანგი ავტორები მე-19 საუკუნის საქართველოს შესახებ : [კრებული] / |
| Statement of responsibility, etc |
რედ : გიორგი სანიკიძე. |
| 264 ## - წარმოების, გამოცემის, დისტრიბუციის და სხვა ცნობები |
| გამოცემის, წარმოების, დისტრიბუციის... ადგილი |
თბილისი : |
| გამოცემის, წარმოების, დისტრიბუციის... სახელწოდება |
ილიას სახელმწ. უნ-ტი, |
| გამოცემის, წარმოების, დისტრიბუციის... თარიღი |
2018. |
| 300 ## - ფიზიკური აღწერა |
| Extent |
392 გვ. : |
| Other physical details |
ილ. ; |
| Dimensions |
20 სმ. |
| 500 ## - ზოგადი შენიშვნა |
| General note |
როექტი განხორციელდა შოთა რუსთაველის ეროვნული სამეცნიერო ფონდის ფინანსური მხარდაჭერით. |
| 504 ## - BIBLIOGRAPHY, ETC. NOTE |
| Bibliography, etc |
ბიბლიოგრ. სტატიების ბოლოს და ტექსტის შენიშვნებში. |
| 546 ## - LANGUAGE NOTE |
| Language note |
ტექსტი ქართ. და ინგლ. ენებზე. |
| 653 ## - INDEX TERM--UNCONTROLLED |
| Uncontrolled term |
ისტორია |
| 653 ## - INDEX TERM--UNCONTROLLED |
| Uncontrolled term |
საქართველოს ისტორიის უცხოური წყაროები -- XIX ს. |
| 700 ## - ADDED ENTRY--PERSONAL NAME |
| Personal name |
სანიკიძე,გიორგი |
| Relator term |
რედაქტორი |
| 9 (RLIN) |
2394 |
| 710 ## - ADDED ENTRY--CORPORATE NAME |
| Corporate name or jurisdiction name as entry element |
ილიას სახელმწ. უნ-ტი, გ. წერეთლის აღმოსავლეთმცოდნეობის ინ-ტი ; |
| 9 (RLIN) |
2395 |
| 942 ## - ADDED ENTRY ELEMENTS (KOHA) |
| Source of classification or shelving scheme |
|
| Koha item type |
წიგნი |